MDQL
is popping MORE tags! Check the
thread
!
Quizzes
Events
Quiz Creation
Community
Videos
Private Events
Remove Ads
Sign In
Join for FREE
Feedback
Dark Mode
Quiz Categories
Sports
Geography
Music
Movies
Television
Just For Fun
Miscellaneous
History
Literature
Language
Science
Gaming
Entertainment
Religion
Holiday
For Kids
Quiz Lab
Recent
Popular Today
Quiz Kudos Today
Editor Picks
Curator Picks
Quizzes by...
Day
Popularity
Type
Ratings
Length
Year
Community
Subscriptions
Recent Discussions
Orange Saloon
Badges
Playlists
Quests
Create
Leaderboards
Showdown
Live 5
Trivia Bingo
Activity
Puzzle Library
Sporcle Events
Private Events
Virtual Trivia
Globe League
Become a Host
Pub Owners
SporcleCon
Opinionation
Our Games
Videos
Blog
Mobile Apps
Partnerships
Remove Ads and Go Orange
Feedback
Sports
Athletes
MLB
NBA
NHL
NFL
Soccer
Sports Teams
WWE
NCAA
Football
Premier League
Basketball
Baseball
Hockey
Golf
Tennis
Cricket
Rugby
Auto Racing
Olympics
World Cup
Sports
Athletes
MLB
NBA
NHL
NFL
Soccer
Sports Teams
WWE
NCAA
Football
Premier League
Basketball
Baseball
Hockey
Golf
Tennis
Cricket
Rugby
Auto Racing
Olympics
World Cup
Random Quiz
Search Sporcle
×
Quiz Lab
Quiz Lab
Sports
Football
Type in answers that appear in a list
Type in answers that appear in a list
Classic
Best Score? Go Orange.
Startstallen de siste ti årene Stats
Can you name the players in IK Start from 2000 and to today?
By
nebbis464
15m
96 Questions
108 Plays
108 Plays
108 Plays
Comments
Comments
Give Quiz Kudos
Give Quiz Kudos
-
- Ratings
hide this ad
Replay
Link that replays current quiz
Next Quiz
Link to next quiz in quiz playlist
You Got
0%
They Got
Avg Score
49%
Avg Friend Score
Upgrade to see
Score Distribution
Jump to the score distribution portion of the page
Score
0/96
Timer
15:00
0
Plays Today
Kamp
% Correct
MF
Fredrik Strømstad
90.7%
MF
Fredrik Strømstad
90.7%
MF
Fredrik Strømstad
90.7%
DF
Marius Johnsen
90.7%
MF
Fredrik Strømstad
90.7%
MF
Fredrik Strømstad
90.7%
DF
Steinar Pedersen
89.8%
GK
Espen Johnsen
89.8%
DF
Steinar Pedersen
89.8%
MF
Kristofer Hæstad
88.9%
MF
Erik Mykland
82.4%
GK
Kenneth Høie
76.9%
DF
Jesper Mathisen
76.9%
GK
Kenneth Høie
76.9%
GK
Kenneth Høie
76.9%
DF
Bård Borgersen
75.9%
DF
Jesper Mathisen
75.9%
GK
Rune Nilssen
73.1%
GK
Frode Olsen
71.3%
FW
Alex Valencia
71.3%
DF
Inge André Olsen
69.4%
DF
Atle Roar Håland
68.5%
FW
Ole Martin Årst
68.5%
FW
Ole Martin Årst
68.5%
DF
Atle Roar Håland
68.5%
FW
Ole Martin Årst
68.5%
FW
Ole Martin Årst
68.5%
MF
Espen Børufsen
67.6%
MF
Espen Børufsen
67.6%
MF
Espen Børufsen
67.6%
FW
Tore André Dahlum
65.7%
FW
Tore André Dahlum
65.7%
Kamp
% Correct
FW
Bernt Hulsker
60.2%
MF
Christian Bolaños
60.2%
DF
Rolf Daniel Vikstøl
59.3%
DF
Rolf Daniel Vikstøl
59.3%
DF
Rolf Daniel Vikstøl
59.3%
FW
Todi Jónsson
58.3%
MF
Solomon James Owello
55.6%
MF
Solomon James Owello
55.6%
DF
Clarence Goodson
54.6%
MF
Christer Kleiven
54.6%
MF
Christer Kleiven
54.6%
DF
Pål Lydersen
51.9%
FW
Espen Hoff
51.9%
MF
Mads Stokkelien
51.9%
FW
Espen Hoff
51.9%
MF
Ygor
50%
MF
Bjarte Lunde Aarsheim
48.1%
FW
Jon Midttun Lie
47.2%
DF
Lars Martin Engedal
44.4%
DF
Hunter Freeman
43.5%
MF
Tom Berhus
42.6%
DF
Tom Berhus
42.6%
MF
Tom Berhus
42.6%
FW
Geir Ludvig Fevang
38.9%
DF
Helge Bjønsaas
36.1%
GK
Dag Tore Fredriksen
36.1%
DF
Helge Bjønsaas
36.1%
Start -
KIL (17.06.1997)
34.3%
Hødd -
Start (26.08.2001)
34.3%
MF
Stian Ohr
34.3%
Start -
RBK (15.09.2007)
34.3%
Notodden(b) (25.05.2011)
34.3%
Kamp
% Correct
Bryne -
Start (09.04.2000)
34.3%
FW
Stian Ohr
34.3%
Start -
RBK (13.08.2005)
34.3%
Start -
VIF (05.04.2010)
34.3%
LSK -
Start (29.06.2011)
34.3%
DF
Preben Gundersen
33.3%
DF
Preben Gundersen
33.3%
MF
Morten Pettersen
31.5%
MF
Ernest Asante
31.5%
FW
Andreas Ottosson
28.7%
FW
Terje Leonardsen
26.9%
MF
Martin Borre
26.9%
DF
Avni Pepa
26.9%
FW
Terje Leonardsen
26.9%
DF
Avni Pepa
26.9%
MF
Ousman Nyan
25.9%
FW
Roger Risholt
25%
GK
Alexander Lund Hanssen
23.1%
MF
Petter Bruer Hanssen
23.1%
DF
Bjørn Stephansen
22.2%
DF
Knut Henry Haraldsen
21.3%
DF
Brian Priske
21.3%
DF
Brian Priske
21.3%
DF
Kristoffer Paulsen Vatshaug
19.4%
DF
Kristian Sørli
18.5%
FW
Lee Robertson
16.7%
DF
Andreas Evjen
16.7%
DF
Marek Lemsalu
15.7%
MF
Lee Robertson
14.8%
MF
Evans Nyabaro Valdo
12%
FW
Per Christian Osmundsen
5.6%
DF
Svein Enersen
4.6%
Quiz Playlist
Details
Report
Send in Message
Add To Playlist
Classic:
Type in answers that appear in a list
Last Updated: Feb 16, 2017
Quiz Scoreboard
CHALLENGE
Sign Up to Join the Scoreboard
Show All
Scores
Hide
Comments
May contain spoilers
Recently Published
1-10 Letter E Words III
by El_Dandy
Language
2m
Street Fighter Characters
by Artimus82
Gaming
60s
College Basketball Coaching Resumes
by pancakes188
Sports
9m
More to Explore
Quiz From the Vault
Featured Blog Post
Where Did the Easter Bunny Come From?
hide this ad
You Might Also Like...
Tags
Football Quiz
Soccer Quiz
1991
Erik
start
tippeliga
tippeligaen
Today's Top Quizzes in Sports
Browse Sports
hide this ad
Today's Top Quizzes in Football
Browse Football
Top Contributed Quizzes in Sports
1
2022 World Cup Stars
2
Les meilleurs buteurs des matchs entre le PSG et l’OM
3
FIFA Club World Cup Champions
4
Les entraîneurs de l'OM et du PSG au 21e siècle
5
Criteria MLB: Left Handed Sluggers
6
2023 MLB Unique Player Accomplishments
7
AFC Teams Reveal (Wrong Answers Minefield)
8
Players with Multiple 50 Home Run Seasons
9
NBA Logic Puzzle 2.0
10
5-to-1: FBS Animal Nicknames
Explore More
Trending Topics
Anime
Kpop
Harry Potter
Marvel
NBA
Crossword
Disney
WWE
Soccer
Country
The Office
NFL
Song
Pokémon
Puzzle
hide this ad
More By:
nebbis464
Quiz
Plays
Rating
Category
Featured
Created
startstallen de siste ti årene
108
5.00
Sports
Jul 2, 2011
tromsøstallen de siste ti årene!
92
Sports
Jul 9, 2011
the biggest towns in Norway
84
5.00
Geography
Jul 2, 2011
brannstallen de siste ti årene!
64
5.00
Sports
Jul 2, 2011
Weapon shield of the municipals in Akershus
15
Geography
Nov 12, 2016
Go to Creator's Profile
Score Distribution
Quiz Creator Spotlight
nebbis464
Follow
Send a Message
Quizzes Created
-
Created Quiz Play Count
-
More By This Creator
Popular Quizzes Today
1
Find the US States - No Outlines Minefield
2
Find the Countries of Europe - No Outlines Minefield
3
Find the US States
4
The Countries of the World
5
Risky Map Clicking: Biggest States A-Z
6
US States
7
Popular People in 1961
8
Movies - When Are They Set?
More Sports Quizzes
NCAA Basketball Champ States
Published
Trending Quizzes
Risky Map Clicking: Least Populous States A-Z
1-10 Letter G Words
1-10 Letter F Words
Countries of the World: 200 Million BC
Risky Map Clicking: Next State Alphabetically
Recently Updated
Rides in Walt Disney World
pecheneg
Most Oscar Losses (Acting)
pecheneg
Beyoncé Albums
pecheneg
Leaping Animals
pecheneg
Reality TV Shows (A-Z)
bhenderson79
Rickey Henderson's Hall of Fame Teammates
pecheneg
Champions League XIs: Arsenal
pecheneg
Quick Pick: Celebrities in WWE's Hall of Fame
aduchscher
A-Z Keypad Blitz II
pecheneg
Trending Topics
Kpop
Harry Potter
Crossword
Disney
NBA
Marvel
Anime
Pokémon
Country
Soccer
WWE
Song
NFL
Puzzle
The Office
Your Account Isn't Verified!
In order to create a playlist on Sporcle, you need to verify the email address you used during registration. Go to your
Sporcle Settings
to finish the process.
Report this User
Report this user for behavior that violates our
Community Guidelines
.
Details:
Send Report
Go to the Sporcle.com Mobile Site →
Comments